វិភាគសេដ្ឋកិច្ចនៃចរាចរត្រីក្នុងទីផ្សារនៅតំបន់ទន្លេសាប(កំពង់ឆ្នាំង)និងភ្នំពេញ) (Record no. 3557)

000 -LEADER
fixed length control field 00614nam a22001577a 4500
003 - CONTROL NUMBER IDENTIFIER
control field OSt
005 - DATE AND TIME OF LATEST TRANSACTION
control field 20151118084047.0
008 - FIXED-LENGTH DATA ELEMENTS--GENERAL INFORMATION
fixed length control field 151118b xxu||||| |||| 00| 0 eng d
040 ## - CATALOGING SOURCE
Transcribing agency RUA
082 ## - DEWEY DECIMAL CLASSIFICATION NUMBER
Classification number FIS សុខ​​ 1993 B152 Or.1
100 ## - MAIN ENTRY--PERSONAL NAME
9 (RLIN) 3824
Personal name សុខុ, វណ្ណា
245 ## - TITLE STATEMENT
Title វិភាគសេដ្ឋកិច្ចនៃចរាចរត្រីក្នុងទីផ្សារនៅតំបន់ទន្លេសាប(កំពង់ឆ្នាំង)និងភ្នំពេញ)
260 ## - PUBLICATION, DISTRIBUTION, ETC. (IMPRINT)
Place of publication, distribution, etc. Phnom Penh
Name of publisher, distributor, etc. RUA
Date of publication, distribution, etc. 1993
300 ## - PHYSICAL DESCRIPTION
Extent 100p.
Other physical details ill.
Dimensions 29cm.
942 ## - ADDED ENTRY ELEMENTS (KOHA)
Source of classification or shelving scheme
Koha item type FIS
Holdings
Price effective from Date last seen Permanent Location Not for loan Date acquired Source of classification or shelving scheme Koha item type Barcode Lost status Damaged status Shelving location Withdrawn status Current Location Full call number
2015-11-182015-11-18Library Block B 2015-11-18 FISRUA020708  B152 Library Block BFIS សុខ​​ 1993 B152 Or.1
2015-11-182015-11-18Library Block B 2015-11-18 FISRUA020707  B152 Library Block BFIS សុខ​​ 1993 B152 Or.2
2015-11-182015-11-18Library Block B 2015-11-18 FISRUA020698  B152 Library Block BFIS សុខ​​ 1993 B152 Or.3
2015-11-182015-11-18Library Block B 2015-11-18 FISRUA020476  B152 Library Block BFIS សុខ​​ 1993 B152 Or.4
2015-11-182015-11-18Library Block B 2015-11-18 FISRUA020475  B152 Library Block BFIS សុខ​​ 1993 B152 Or.5
2015-11-182015-11-18Library Block B 2015-11-18 FISRUA020492  B152 Library Block BFIS សុខ​​ 1993 B152 Or.6
2015-11-182015-11-18Library Block B 2015-11-18 FISRUA020701  B152 Library Block BFIS សុខ​​ 1993 B152 Or.7
2015-11-182015-11-18Library Block B 2015-11-18 FISRUA020630  B152 Library Block BFIS សុខ​​ 1993 B152 Or.8
2015-11-182015-11-18Library Block B 2015-11-18 FISRUA020997  B152 Library Block BFIS សុខ​​ 1993 B152 Or.9
2015-11-182015-11-18Library Block B 2015-11-18 FISRUA020431  B152 Library Block BFIS សុខ​​ 1993 B152 Or.10
2015-11-182015-11-18Library Block B 2015-11-18 FISRUA020413  B152 Library Block BFIS សុខ​​ 1993 B152 Or.11
2015-11-182015-11-18Library Block B 2015-11-18 FISRUA020699  B152 Library Block BFIS សុខ​​ 1993 B152 Or.12
2015-11-182015-11-18Library Block B 2015-11-18 FISRUA020485  B152 Library Block BFIS សុខ​​ 1993 B152 Or.13
2015-11-182015-11-18Library Block B 2015-11-18 FISRUA020692  B152 Library Block BFIS សុខ​​ 1993 B152 Or.14
មជ្ឈមណ្ឌលឯការនៃសាកលវិទ្យាល័យភូមិន្ទកសិកម្មចំការដូង

Powered by Koha